000 00549cab a2200205 4500
001 ABS40914
008 090401t1989 xxu||||| |||| 00| 0 eng d
035 _a(Sirsi) u26934
041 _aeng
100 _aHinks, J.
245 _aFloors have ears, too
260 _c1989
350 _a0
490 _aBuilding Today
_v197(5810) 15 June 1989, 29030(2)
520 _aLooks at ways of reducing noise by floor design. References.
690 _aBUILT ENVIRONMENT-CONSTRUCTION DESIGN
700 _aCook, G.
942 _n0
948 _c04/03/1997
999 _c18146
_d18146